[Event "Ch Russia (club) (high league)"]
[Site "masterchessopen.com Sochi (Russia)"]
[Date "2008.04.10"]
[Round "8"]
[White "Airapetian Gor (RUS)"]
[Black "Maximov Dmitry (UKR)"]
[Result "1-0"]
[WhiteElo "2378"]
[BlackElo "2497"]

1.e4 c5 2.Nf3 d6 3.d4 cxd4 4.Nxd4 Nf6 5.Nc3 Nc6 6.Bg5 e6 7.Qd2 a6 8.O-O-O Bd7
9.Nb3 b5 10.a3 h6 11.Be3 Ng4 12.Bf4 Nge5 13.Bg3 g5 14.h4 Rg8 15.hxg5 hxg5
16.Rh7 Qb6 17.Kb1 O-O-O 18.f3 Be8 19.Bf2 Qb7 20.a4 Nc4 21.Bxc4 bxc4 22.Nd4 Bg7
23.Nxc6 Bxc6 24.Bd4 Be5 25.Qe2 Bxd4 26.Rxd4 d5 27.exd5 Bxd5 28.Qe5 f6 29.Rxc4+
Bc6 30.Qxe6+ {#r} 1-0

[Event "It (open)"]
[Site "masterchessopen.com La Laguna (Spain)"]
[Date "2008.04.22"]
[Round "2"]
[White "Camino Carrio Nicanor (ESP)"]
[Black "Conquest Stuart (ENG)"]
[Result "0-1"]
[WhiteElo "2182"]
[BlackElo "2526"]

1.e4 c5 2.Nf3 d6 3.d4 cxd4 4.Nxd4 Nf6 5.Nc3 Nc6 6.Bg5 e6 7.Qd2 a6 8.O-O-O Bd7
9.f3 Be7 10.h4 h6 11.Nxc6 bxc6 12.Bxf6 gxf6 13.f4 Rb8 14.f5 Qb6 15.b3 Qc5
16.g4 a5 17.Rh3 a4 18.Kb1 axb3 19.cxb3 Qe5 20.Be2 Kf8 21.Rdh1 Kg7 22.Re3 Rb4
23.Bd3 Rb7 24.Rf1 Bd8 25.Bc4 Qc5 26.fxe6 Qxc4 {#R} 0-1

[Event "Ch Europe"]
[Site "masterchessopen.com Plovdiv (Bulgaria)"]
[Date "2008.04.25"]
[Round "5"]
[White "Caruana Fabiano (ITA)"]
[Black "Jianu Vlad-Cristian (ROM)"]
[Result "1-0"]
[WhiteElo "2640"]
[BlackElo "2544"]

1.e4 c5 2.Nf3 d6 3.d4 cxd4 4.Nxd4 Nf6 5.Nc3 Nc6 6.Bg5 e6 7.Qd2 a6 8.O-O-O Bd7
9.f3 Be7 10.Kb1 Qc7 11.g4 Ne5 12.Be3 b5 13.Bd3 b4 14.Nce2 d5 15.g5 dxe4
16.gxf6 exd3 17.fxe7 dxe2 18.Qxe2 Ng6 19.Rhg1 Rg8 20.Nb3 a5 21.Nc5 Bc6 22.Bg5
Nxe7 23.Nxe6 Qb7 24.Bxe7 Qxe7 25.Nc7+ Kf8 26.Qxe7+ Kxe7 27.Rge1+ {#r} 1-0

[Event "Ch Europe"]
[Site "masterchessopen.com Plovdiv (Bulgaria)"]
[Date "2008.04.25"]
[Round "5"]
[White "Galkin Alexander (RUS)"]
[Black "Lupulescu Constantin (ROM)"]
[Result "0-1"]
[WhiteElo "2624"]
[BlackElo "2594"]

1.e4 c5 2.Nf3 d6 3.d4 cxd4 4.Nxd4 Nf6 5.Nc3 Nc6 6.Bg5 e6 7.Qd2 a6 8.O-O-O Bd7
9.Nxc6 Bxc6 10.Qe1 Qa5 11.f4 Be7 12.Bh4 Qc7 13.Bd3 b5 14.Rf1 O-O 15.e5 dxe5
16.fxe5 Nd5 17.Nxd5 Bxd5 18.Bf6 h6 19.Qg3 Bxf6 20.Rxf6 Bc4 21.Be4 Rad8 22.Re1
Qa5 23.c3 Qxa2 24.Bb1 Qa1 {#R} 0-1

[Event "Olympiad (national) (youth) (w)"]
[Site "masterchessopen.com Szczavno Zdroj (Poland)"]
[Date "2008.05.04"]
[Round "10"]
[White "Dobrzanska Joanna (POL)"]
[Black "Wisniowska Klaudia (POL)"]
[Result "0-1"]
[WhiteElo "1650"]
[BlackElo "1988"]

1.e4 c5 2.Nf3 Nc6 3.d4 cxd4 4.Nxd4 Nf6 5.Nc3 d6 6.Bg5 e6 7.Qd2 a6 8.O-O-O Bd7
9.Kb1 b5 10.f4 b4 11.Bxf6 Qxf6 12.Nce2 Be7 13.e5 dxe5 14.Nb5 O-O 15.fxe5 Nxe5
16.Nbd4 Rfd8 17.Nb3 Bb5 18.Qe1 Rxd1+ 19.Qxd1 Nc4 20.c3 Ne3 21.Qd2 Qf5+ 22.Kc1
Nxf1 {#R} 0-1

[Event "Cup Mayors (open)"]
[Site "masterchessopen.com Mumbai (India)"]
[Date "2008.05.12"]
[Round "2"]
[White "Sangeetha M R (IND)"]
[Black "Venkatesh M R (IND)"]
[Result "0-1"]
[WhiteElo "2091"]
[BlackElo "2468"]

1.e4 c5 2.Nf3 Nc6 3.d4 cxd4 4.Nxd4 Nf6 5.Nc3 d6 6.Bg5 e6 7.Qd2 a6 8.O-O-O Bd7
9.f4 b5 10.a3 Qb6 11.Nb3 Qc7 12.Be2 Be7 13.g4 h6 14.Bxf6 gxf6 15.f5 Ne5 16.Kb1
Rb8 17.h4 a5 18.Rdf1 b4 19.axb4 Rxb4 20.Na2 Rxe4 21.fxe6 fxe6 22.Nxa5 Rxe2
23.Qxe2 Qxa5 24.Nc3 Bc6 25.Rh3 Kd7 26.Rg3 d5 27.g5 Nc4 28.gxh6 Ra8 {#R} 0-1

[Event "Ch Hamburg (open)"]
[Site "masterchessopen.com Hamburg (Germany)"]
[Date "2008.05.15"]
[Round "7"]
[White "Putzbach Gerd (GER)"]
[Black "Lanka Zigurds (LAT)"]
[Result "0-1"]
[WhiteElo "2297"]
[BlackElo "2491"]

1.e4 c5 2.Nf3 Nc6 3.d4 cxd4 4.Nxd4 Nf6 5.Nc3 a6 6.Bg5 e6 7.Qd2 d6 8.O-O-O Bd7
9.f4 h6 10.Bxf6 Qxf6 11.Nf3 Qd8 12.Bd3 Qc7 13.g4 O-O-O 14.h4 Kb8 15.g5 hxg5
16.hxg5 Be7 17.Rh2 Bc8 18.Rdh1 Rxh2 19.Rxh2 d5 20.exd5 exd5 21.Rh7 d4 22.Ne4
Bg4 23.Nh4 Be6 24.a3 Na5 25.Kb1 Nc4 26.Bxc4 Qxc4 27.b3 Qf1+ 28.Kb2 Bxa3+
29.Kxa3 Qa1+ 30.Kb4 b6 {#R} 0-1

[Event "Memorial Em.Lasker (open)"]
[Site "masterchessopen.com Barlinek (Poland)"]
[Date "2008.06.04"]
[Round "5"]
[White "Siwiec Arkadiusz (POL)"]
[Black "Wisniowska Klaudia (POL)"]
[Result "1-0"]
[WhiteElo "2095"]
[BlackElo "1988"]

1.e4 c5 2.Nf3 Nc6 3.d4 cxd4 4.Nxd4 Nf6 5.Nc3 d6 6.Bg5 e6 7.Qd2 a6 8.O-O-O Bd7
9.f4 h6 10.Bxf6 Qxf6 11.e5 dxe5 12.Ndb5 Qd8 13.Nd6+ Bxd6 14.Qxd6 Qe7 15.fxe5
Qg5+ 16.Kb1 Rd8 17.Ne4 Qg4 18.Bd3 Ne7 19.Qb4 Kf8 20.Rhf1 Bc6 21.Rxf7+ Kxf7
22.Nd6+ Rxd6 23.Qxg4 Rd5 24.Rf1+ {#r} 1-0

[Event "It (open)"]
[Site "masterchessopen.com Philadelphia (USA)"]
[Date "2008.06.28"]
[Round "5"]
[White "Hansen Erik Hedegaard (DEN)"]
[Black "Mohanty Kiran Manisha"]
[Result "1-0"]
[WhiteElo "1829"]
[BlackElo "2316"]

1.e4 c5 2.Nf3 Nc6 3.d4 cxd4 4.Nxd4 Nf6 5.Nc3 d6 6.Bg5 e6 7.Qd2 a6 8.O-O-O Bd7
9.f4 b5 10.Bxf6 gxf6 11.Kb1 Qb6 12.Nxc6 Bxc6 13.Qe1 Ra7 14.f5 b4 15.Ne2 e5
16.Ng3 h5 17.Be2 Ke7 18.Nxh5 Bxe4 19.Qh4 d5 20.Bf3 Rc7 21.Bxe4 dxe4 22.Rd5
Rxh5 23.Rxe5+ Kd7 24.Rd5+ Kc6 25.Qxe4 Re7 26.Re5+ Kc7 27.Rxe7+ Bxe7 28.Qxe7+
Kb8 29.Qe8+ {#r} 1-0

[Event "It (open) (b)"]
[Site "masterchessopen.com Dortmund (Germany)"]
[Date "2008.07.04"]
[Round "7"]
[White "Villalba-Weinberg Adrian (GER)"]
[Black "Barskij Aleksandr (GER)"]
[Result "0-1"]
[WhiteElo "2016"]
[BlackElo "2009"]

1.e4 c5 2.Nf3 d6 3.d4 cxd4 4.Nxd4 Nf6 5.Nc3 Nc6 6.Bg5 e6 7.Qd2 a6 8.O-O-O Bd7
9.f4 b5 10.e5 dxe5 11.Nxc6 Bxc6 12.Qxd8+ Rxd8 13.Rxd8+ Kxd8 14.fxe5 h6 15.Bh4
g5 16.exf6 gxh4 17.Bd3 Rg8 18.Rd1 Kc7 19.Rd2 Bd6 20.Bh7 Rh8 {#R} 0-1

[Event "Ch Scotland"]
[Site "masterchessopen.com Glasgow (Scotland)"]
[Date "2008.07.05"]
[Round "1"]
[White "Tate Alan (SCO)"]
[Black "Schmerwitz Reinhard (GER)"]
[Result "1-0"]
[WhiteElo "2144"]
[BlackElo "1944"]

1.e4 c5 2.Nf3 d6 3.d4 cxd4 4.Nxd4 Nf6 5.Nc3 Nc6 6.Bg5 e6 7.Qd2 a6 8.O-O-O Bd7
9.f3 Qc7 10.Kb1 Be7 11.h4 Nxd4 12.Qxd4 Rc8 13.Qd2 b5 14.g4 b4 15.Ne2 O-O
16.Nd4 d5 17.e5 {#r} 1-0

[Event "Ch Poland (team) (juniors) (extraliga)"]
[Site "masterchessopen.com Gorzow Wielkopolski (Poland)"]
[Date "2008.07.06"]
[Round "2"]
[White "Weichhold Pawel (POL)"]
[Black "Dragun Kamil (POL)"]
[Result "1-0"]
[WhiteElo "2133"]
[BlackElo "2174"]

1.e4 c5 2.Nf3 d6 3.d4 cxd4 4.Nxd4 Nf6 5.Nc3 Nc6 6.Bg5 e6 7.Qd2 a6 8.O-O-O Bd7
9.f4 h6 10.Bh4 g5 11.fxg5 Ng4 12.Kb1 Nge5 13.Bg3 hxg5 14.Be2 b5 15.Rhf1 b4
16.Na4 Na5 17.Nc5 dxc5 18.Bxe5 Rh7 19.Bf6 Be7 20.Nxe6 Bxe6 21.Qxg5 Qc7 22.Qg8+
Bf8 23.Qxh7 c4 24.Qh8 b3 25.axb3 cxb3 26.c3 Qc6 27.Bg7 Qxe4+ 28.Bd3 {#r} 1-0

[Event "It (open)"]
[Site "masterchessopen.com Pardubice (Czech Republic)"]
[Date "2008.07.18"]
[Round "1"]
[White "Erdogdu Mert (TUR)"]
[Black "Bus Tom (NED)"]
[Result "1-0"]
[WhiteElo "2449"]
[BlackElo "2222"]

1.e4 c5 2.Nf3 Nc6 3.d4 cxd4 4.Nxd4 Nf6 5.Nc3 d6 6.Bg5 e6 7.Qd2 a6 8.O-O-O Bd7
9.f3 Be7 10.Be3 Qc7 11.Kb1 b5 12.g4 b4 13.Nce2 h6 14.Nxc6 Bxc6 15.Nd4 Bd7
16.h4 a5 17.Nb5 Bxb5 18.Bxb5+ Nd7 19.Bf4 Qc5 20.Ba4 O-O-O 21.Rc1 Nb6 22.c3 Kb7
23.cxb4 Qxb4 24.Bc6+ Ka7 25.Qe2 Bf6 26.Be3 Kb8 27.b3 d5 28.Bc5 {#r} 1-0

[Event "It (open) (b)"]
[Site "masterchessopen.com Pardubice (Czech Republic)"]
[Date "2008.07.26"]
[Round "9"]
[White "Orekhov Viktor (RUS)"]
[Black "Maslak Alexander (RUS)"]
[Result "1-0"]
[WhiteElo "2280"]
[BlackElo "2191"]

1.e4 c5 2.Nf3 d6 3.d4 cxd4 4.Nxd4 Nf6 5.Nc3 Nc6 6.Bg5 e6 7.Qd2 a6 8.O-O-O Bd7
9.f3 b5 10.Nxc6 Bxc6 11.h4 Be7 12.g4 Qa5 13.Kb1 Rd8 14.Bd3 b4 15.Ne2 e5
16.Bxf6 Bxf6 17.g5 Be7 18.Ng3 Qc5 19.Qe2 a5 20.Nf5 g6 21.Ne3 h5 22.Nd5 Bxd5
23.exd5 O-O 24.f4 Rfe8 25.f5 e4 26.fxg6 exd3 27.gxf7+ Kxf7 28.Qe6+ Kg7 29.Qh6+
Kg8 30.g6 {#r} 1-0

[Event "Tournament (open) (juniors)"]
[Site "masterchessopen.com Samara (Russia)"]
[Round "9"]
[White "Yumakhuzhin Vadim (RUS)"]
[Black "Tangatarov Timur (RUS)"]
[Result "0-1"]
[WhiteElo "2099"]
[BlackElo "2121"]

1.e4 c5 2.Nf3 d6 3.d4 cxd4 4.Nxd4 Nf6 5.Nc3 Nc6 6.Bg5 e6 7.Qd2 a6 8.O-O-O Bd7
9.f3 Be7 10.Kb1 Rc8 11.g4 b5 12.h4 b4 13.Nce2 a5 14.Nb5 Ne5 15.Nbd4 Nc4 16.Qe1
h6 17.Bc1 Qc7 18.Ng3 g6 19.Bxc4 Qxc4 20.g5 Ng8 21.a3 e5 22.Nde2 Be6 23.b3
Qxc2+ 24.Ka1 Qxb3 {#R} 0-1

[Event "It \"]
[Site "masterchessopen.com Olomouc (Czech Republic)"]
[Date "2008.08.06"]
[Round "8"]
[White "Petr Martin (CZE)"]
[Black "Baryshpolets Andrey (UKR)"]
[Result "0-1"]
[WhiteElo "2452"]
[BlackElo "2421"]

1.e4 c5 2.Nf3 Nc6 3.d4 cxd4 4.Nxd4 Nf6 5.Nc3 d6 6.Bg5 e6 7.Qd2 a6 8.O-O-O Bd7
9.f4 b5 10.Bxf6 gxf6 11.Kb1 Qb6 12.Nxc6 Bxc6 13.f5 b4 14.Ne2 e5 15.Ng3 Qc5
16.Nh5 Ke7 17.Bd3 Rg8 18.h4 a5 19.Rc1 Rb8 20.c3 bxc3 21.Rxc3 Rxg2 22.Qxg2 Qxc3
23.Rd1 Bh6 24.Ka1 Qc5 25.Be2 Qb6 26.Rb1 Qd4 27.Ng3 a4 28.a3 Bc1 29.Bd3 Bxb2+
{#R} 0-1

[Event "It (open) (a)"]
[Site "masterchessopen.com Polanica Zdroj (Poland)"]
[Date "2008.08.20"]
[Round "1"]
[White "Weichhold Pawel (POL)"]
[Black "Czarnota Dorota (POL)"]
[Result "1-0"]
[WhiteElo "2133"]
[BlackElo "2208"]

1.e4 c5 2.Nf3 d6 3.d4 Nf6 4.Nc3 cxd4 5.Nxd4 Nc6 6.Bg5 e6 7.Qd2 a6 8.O-O-O Bd7
9.f4 b5 10.Bxf6 gxf6 11.g3 Qb6 12.Nb3 h5 13.Bh3 b4 14.Nd5 exd5 15.Bxd7+ Kxd7
16.Qxd5 Ke8 17.e5 fxe5 18.fxe5 Bh6+ 19.Kb1 dxe5 20.Rhf1 Rh7 21.Qe4 Rg7 22.Rf6
Bg5 23.Rxc6 Qe3 24.Qf5 Rd8 25.Rc8 Qb6 26.Qd7+ Kf8 27.Qxd8+ {#r} 1-0

[Event "It (open)"]
[Site "masterchessopen.com Kolobrzeg (Poland)"]
[Date "2008.08.23"]
[Round "6"]
[White "Obrusnik Michal (POL)"]
[Black "Dobrowolski Piotr (POL)"]
[Result "0-1"]
[WhiteElo "2181"]
[BlackElo "2421"]

1.e4 c5 2.Nf3 d6 3.d4 cxd4 4.Nxd4 Nf6 5.Nc3 Nc6 6.Bg5 e6 7.Qd2 a6 8.O-O-O Bd7
9.f4 b5 10.Bxf6 gxf6 11.Kb1 Qb6 12.Nxc6 Bxc6 13.f5 b4 14.Ne2 e5 15.Ng3 Qc5
16.Nh5 Ke7 17.g4 Rg8 18.Rg1 Rd8 19.Bd3 d5 20.exd5 Rxd5 21.Qc1 Rd4 22.Be2 Bb5
23.Rxd4 Bxe2 24.Re4 Bh6 25.Qe1 Bd2 26.Qg3 Bf3 27.Rge1 Bxe4 28.Rxe4 Rc8 29.c4
bxc3 30.bxc3 Bxc3 {#R} 0-1

[Event "It (open) (a)"]
[Site "masterchessopen.com Polanica Zdroj (Poland)"]
[Date "2008.08.25"]
[Round "7"]
[White "Lukasiewicz Anna (POL)"]
[Black "Czarnota Dorota (POL)"]
[Result "0-1"]
[WhiteElo "2103"]
[BlackElo "2208"]

1.e4 c5 2.Nf3 d6 3.d4 cxd4 4.Nxd4 Nf6 5.Nc3 Nc6 6.Bg5 e6 7.Qd2 a6 8.O-O-O Bd7
9.f4 b5 10.Bxf6 gxf6 11.g3 b4 12.Nce2 Qb6 13.Bh3 h5 14.Kb1 a5 15.Qd3 Nxd4
16.Nxd4 Be7 17.Rhf1 a4 18.e5 Rd8 19.exd6 Qxd6 20.Qe2 Qb6 21.Rfe1 a3 22.Bg2 Kf8
23.Bf3 h4 24.gxh4 axb2 25.h5 Rc8 26.Qg2 Ba4 27.Nb3 Bc5 28.Qd2 Ke7 29.Nxc5 Qxc5
30.Re2 Rhd8 {#R} 0-1

[Event "It (open)"]
[Site "masterchessopen.com Liptov (Slovakia)"]
[Round "6"]
[White "Turkova Karolina (SVK)"]
[Black "Ondras Juraj (SVK)"]
[Result "0-1"]
[WhiteElo "1739"]
[BlackElo "2011"]

1.e4 c5 2.Nf3 d6 3.d4 cxd4 4.Nxd4 Nf6 5.Nc3 Nc6 6.Bg5 e6 7.Qd2 a6 8.O-O-O Bd7
9.f3 b5 10.Nxc6 Bxc6 11.Bd3 Be7 12.h4 Qc7 13.g4 O-O 14.h5 h6 15.Be3 Nh7 16.a3
Qb7 17.Rhg1 a5 18.Qe2 b4 19.axb4 axb4 20.Nb1 d5 21.exd5 Bxd5 22.Rdf1 Rfd8
23.Kd2 Bc4 24.Rd1 Bf6 25.Ke1 Bxd3 26.cxd3 Rd5 27.d4 Rad8 28.Qc4 Qb6 29.Nd2
Bxd4 30.Bxd4 Rxd4 31.Qe2 Rxd2 {#R} 0-1

[Event "It (open)"]
[Site "masterchessopen.com Graz (Austria)"]
[Date "2008.09.04"]
[Round "6"]
[White "Kreisl Robert (AUT)"]
[Black "Kokol Peter (SLO)"]
[Result "1-0"]
[WhiteElo "2394"]
[BlackElo "2332"]

1.e4 c5 2.Nf3 Nc6 3.d4 cxd4 4.Nxd4 Nf6 5.Nc3 d6 6.Bg5 e6 7.Qd2 a6 8.O-O-O Bd7
9.f4 h6 10.Bh4 g5 11.fxg5 Ng4 12.Be2 Nge5 13.Nxc6 Bxc6 14.g3 Ng6 15.Kb1 Qa5
16.Rhf1 Nxh4 17.gxh4 hxg5 18.hxg5 Rxh2 19.Qf4 Rh7 20.g6 Rg7 21.gxf7+ Kd7 22.e5
d5 23.Bg4 Rd8 24.Bxe6+ Kc7 25.Bxd5 Bxd5 26.e6+ Kc8 27.Rxd5 Rxd5 28.Nxd5 Qxd5
29.e7 {#r} 1-0

[Event "It \"]
[Site "masterchessopen.com Seefeld (Austria)"]
[Date "2008.09.09"]
[Round "5"]
[White "Van Der Weide Karel (BEL)"]
[Black "Schnitzspan Lothar (GER)"]
[Result "1-0"]
[WhiteElo "2469"]
[BlackElo "2305"]

1.e4 c5 2.Nf3 d6 3.d4 cxd4 4.Nxd4 Nf6 5.Nc3 Nc6 6.Bg5 e6 7.Qd2 a6 8.O-O-O Bd7
9.f4 h6 10.Bxf6 Qxf6 11.Nf3 g5 12.fxg5 hxg5 13.e5 Nxe5 14.Ne4 Qg7 15.Nxd6+
Bxd6 16.Qxd6 f6 17.Nxe5 fxe5 18.Bc4 O-O-O 19.Rhf1 Rhe8 20.Rf3 Qe7 21.Qxe5 Bc6
22.Rxd8+ {#r} 1-0

[Event "Match \"]
[Site "masterchessopen.com Buehl (Germany)"]
[Date "2008.09.21"]
[Round "1"]
[White "Rocher Olivier (FRA)"]
[Black "Kresovic Velimir (GER)"]
[Result "1-0"]
[WhiteElo "2113"]
[BlackElo "2256"]

1.e4 c5 2.Nf3 Nc6 3.d4 cxd4 4.Nxd4 Nf6 5.Nc3 d6 6.Bg5 e6 7.Qd2 a6 8.O-O-O Bd7
9.f3 b5 10.Kb1 Rc8 11.Nb3 Ne5 12.h4 h6 13.Bf4 Be7 14.Qf2 Qc7 15.Rc1 b4 16.Nd1
Nc4 17.Bxc4 Qxc4 18.Ne3 Qb5 19.Rhd1 e5 20.Bh2 a5 21.Nd5 a4 22.Nxe7 Kxe7 23.Nd4
Qc4 24.Nf5+ Bxf5 25.exf5 a3 26.bxa3 bxa3 27.Qa7+ Nd7 {#r} 1-0

[Event "It (open)"]
[Site "masterchessopen.com Zdar nad Sazavou (Czech Republic)"]
[Date "2008.09.21"]
[Round "2"]
[White "Petr Martin (CZE)"]
[Black "Vecera Pavel (CZE)"]
[Result "1-0"]
[WhiteElo "2452"]
[BlackElo "2153"]

1.e4 c5 2.Nf3 d6 3.d4 cxd4 4.Nxd4 Nf6 5.Nc3 Nc6 6.Bg5 e6 7.Qd2 a6 8.O-O-O Bd7
9.f4 h6 10.Bh4 g5 11.fxg5 Ng4 12.g3 hxg5 13.Bxg5 f6 14.Nxc6 bxc6 15.Qe2 e5
16.Bd2 Qb6 17.Re1 Rb8 18.Nd1 a5 19.h3 d5 20.Qf3 dxe4 21.Rxe4 Be6 22.Bc4 Bxc4
23.Rxc4 f5 24.hxg4 e4 25.Rxe4+ {#r} 1-0

[Event "Ch Europe (juniors) (under 14)"]
[Site "masterchessopen.com Herceg Novi (Montenegro)"]
[Date "2008.09.24"]
[Round "9"]
[White "Admiraal Miguoel (NED)"]
[Black "Beijerinck Nick (NED)"]
[Result "1-0"]
[WhiteElo "1953"]
[BlackElo "2059"]

1.e4 c5 2.Nf3 d6 3.d4 cxd4 4.Nxd4 Nf6 5.Nc3 Nc6 6.Bg5 e6 7.Qd2 a6 8.O-O-O Bd7
9.f4 b5 10.Qe1 b4 11.Nxc6 Bxc6 12.Nd5 a5 13.e5 Nxd5 14.Bxd8 Rxd8 15.f5 Be7
16.Qg3 dxe5 17.fxe6 fxe6 18.Qxe5 h6 19.Bd3 Bg5+ 20.Kb1 {#r} 1-0

[Event "Ch Europe (juniors) (under 18) (g)"]
[Site "masterchessopen.com Herceg Novi (Montenegro)"]
[Date "2008.09.24"]
[Round "9"]
[White "Topic Jelena (SLO)"]
[Black "Brandenburg Lucia (NED)"]
[Result "1-0"]
[WhiteElo "1932"]
[BlackElo "1929"]

1.e4 c5 2.Nf3 d6 3.d4 cxd4 4.Nxd4 Nf6 5.Nc3 Nc6 6.Bg5 e6 7.Qd2 a6 8.O-O-O Bd7
9.f3 Be7 10.Kb1 b5 11.Nxc6 Bxc6 12.h4 Rc8 13.Ne2 Qc7 14.Nd4 Bb7 15.Bd3 h6
16.Be3 Nd7 17.g4 d5 18.g5 h5 19.g6 Bc5 20.gxf7+ Kxf7 21.exd5 Bxd5 22.Qg2 Ne5
23.Rhg1 Kf8 24.Nxe6+ Bxe6 25.Bxc5+ {#r} 1-0

[Event "Ch Uzbekistan (juniors) (under 20)"]
[Site "masterchessopen.com Tashkent (Uzbekistan)"]
[Date "2008.09.26"]
[Round "8"]
[White "Gubaydulin T (UZB)"]
[Black "Kvon Andrey (UZB)"]
[Result "0-1"]
[WhiteElo "2278"]
[BlackElo "2425"]

1.e4 c5 2.Nf3 Nc6 3.d4 cxd4 4.Nxd4 Nf6 5.Nc3 d6 6.Bg5 e6 7.Qd2 a6 8.O-O-O Bd7
9.f3 Be7 10.Be3 b5 11.Nxc6 Bxc6 12.Kb1 Nd7 13.Ne2 O-O 14.Nd4 Bb7 15.g4 Rc8
16.Rg1 Ne5 17.Qg2 Qc7 18.f4 Nc4 19.Bc1 Rfe8 20.g5 Bf8 21.Bd3 g6 22.h4 Bg7
23.Ne2 Qc5 24.Qh3 b4 25.h5 Na3+ 26.bxa3 bxa3 27.c3 Bxc3 28.Bc2 Qb5+ {#R} 0-1

[Event "Ch Commonwealth"]
[Site "masterchessopen.com Nagpur (India)"]
[Date "2008.09.30"]
[Round "4"]
[White "Sethuraman S P (IND)"]
[Black "Shashikant Kutwal (IND)"]
[Result "1-0"]
[WhiteElo "2441"]
[BlackElo "2325"]

1.e4 c5 2.Nf3 d6 3.d4 cxd4 4.Nxd4 Nf6 5.Nc3 Nc6 6.Bg5 e6 7.Qd2 a6 8.O-O-O Bd7
9.f3 Be7 10.h4 h6 11.Be3 h5 12.Bg5 Ne5 13.f4 Neg4 14.Qe1 Qc7 15.Be2 b5 16.Bxg4
hxg4 17.e5 dxe5 18.fxe5 b4 19.exf6 gxf6 20.Qe4 Rc8 21.Bxf6 Bxf6 22.Nd5 Qe5
23.Nxf6+ Qxf6 24.Qxg4 Rc4 25.Kb1 a5 26.h5 Kf8 27.Rhf1 Qh6 28.Qf3 Qxh5 29.Nxe6+
{#r} 1-0

[Event "Ch City (open)"]
[Site "masterchessopen.com Warsaw (Poland)"]
[Date "2008.10.01"]
[Round "5"]
[White "Strzelczyk Anna (POL)"]
[Black "Kowalska Elzbieta (POL)"]
[Result "0-1"]
[WhiteElo "1817"]
[BlackElo "1936"]

1.e4 c5 2.Nf3 Nc6 3.d4 cxd4 4.Nxd4 Nf6 5.Nc3 d6 6.Bg5 Bd7 7.Qd2 a6 8.O-O-O e6
9.f4 b5 10.Nxc6 Bxc6 11.e5 dxe5 12.Qxd8+ Rxd8 13.Rxd8+ Kxd8 14.fxe5 h6 15.Bh4
g5 16.exf6 gxh4 17.Bd3 Bxg2 18.Rd1 Kc7 19.a4 bxa4 20.Nxa4 Bd6 21.h3 Bg3 22.Bf1
Bc6 23.Nc5 a5 24.Nb3 a4 25.Nd4 Rd8 26.Nxc6 Bf4+ {#R} 0-1

[Event "It (cat.7)"]
[Site "masterchessopen.com Khmelnitsky (Ukraine)"]
[Date "2008.10.05"]
[Round "15"]
[White "Firman Nazar (UKR)"]
[Black "Lutsko Igor (BLR)"]
[Result "0-1"]
[WhiteElo "2525"]
[BlackElo "2413"]

1.e4 c5 2.Nf3 d6 3.d4 cxd4 4.Nxd4 Nf6 5.Nc3 Nc6 6.Bg5 e6 7.Qd2 a6 8.O-O-O Bd7
9.f4 b5 10.Bxf6 gxf6 11.Kb1 Qb6 12.Nce2 h5 13.g3 b4 14.Bg2 Rc8 15.Rhe1 Na5
16.b3 h4 17.g4 h3 18.Bh1 Rg8 19.Rg1 Nc6 20.Rg3 Nxd4 21.Nxd4 Rc3 22.Rxc3 bxc3
23.Qxc3 Rxg4 24.Ne2 Bb5 25.e5 fxe5 26.fxe5 Qc5 27.Qf3 Bxe2 28.Qa8+ Kd7 29.Qxf8
Bxd1 30.Qxf7+ Kd8 31.c3 dxe5 {#R} 0-1

[Event "Ch World (juniors) (under 14)"]
[Site "masterchessopen.com Vung Tau (Vietnam)"]
[Date "2008.10.20"]
[Round "1"]
[White "Moussard Jules (FRA)"]
[Black "Malureanu C"]
[Result "1-0"]
[WhiteElo "2293"]
[BlackElo "1948"]

1.e4 c5 2.Nf3 Nc6 3.d4 cxd4 4.Nxd4 Nf6 5.Nc3 d6 6.Bg5 e6 7.Qd2 a6 8.O-O-O Bd7
9.Nxc6 bxc6 10.e5 dxe5 11.Bxf6 gxf6 12.Ne4 Be7 13.Nd6+ Bxd6 14.Qxd6 Ra7 15.Bc4
Qc7 16.Qc5 Rb7 17.Rd2 Qb8 18.Rhd1 Qa7 19.Qd6 Rg8 20.f4 e4 21.f5 e3 22.Re2 e5
23.Qxf6 {#r} 1-0

[Event "Ch World (juniors) (under 14)"]
[Site "masterchessopen.com Vung Tau (Vietnam)"]
[Date "2008.10.24"]
[Round "6"]
[White "Franklin Samuel G A (ENG)"]
[Black "Malureanu C"]
[Result "0-1"]
[WhiteElo "2156"]
[BlackElo "1948"]

1.e4 c5 2.Nf3 Nc6 3.d4 cxd4 4.Nxd4 Nf6 5.Nc3 d6 6.Bg5 e6 7.Qd2 a6 8.O-O-O Bd7
9.f4 h6 10.Bh4 Nxe4 11.Qe1 Nf6 12.Nf5 Qa5 13.Nxd6+ Bxd6 14.Rxd6 Ne7 15.Rd1
O-O-O 16.Kb1 Qc7 17.Bd3 Bc6 18.Qf2 Rd7 19.Rhe1 Nfd5 20.Nxd5 Bxd5 21.f5 Nxf5
22.Bxf5 exf5 23.Bg3 Qa5 24.b3 b6 25.Qxf5 Rd8 26.Qe5 Kb7 27.Qxg7 Ka8 28.Qe5
Bxb3 29.Qxa5 Rxd1+ 30.Kb2 bxa5 {#R} 0-1

[Event "Ch World (juniors) (under 18)"]
[Site "masterchessopen.com Vung Tau (Vietnam)"]
[Date "2008.10.24"]
[Round "6"]
[White "Bonafede Alessandro (ITA)"]
[Black "Valli Frans (FIN)"]
[Result "1-0"]
[WhiteElo "2327"]
[BlackElo "2179"]

1.e4 c5 2.Nf3 Nc6 3.d4 cxd4 4.Nxd4 Nf6 5.Nc3 d6 6.Bg5 e6 7.Qd2 a6 8.O-O-O Bd7
9.f4 b5 10.Qe3 Qb6 11.e5 Nxd4 12.Rxd4 dxe5 13.Qxe5 Bc5 14.Rd3 Be7 15.Be2 O-O
16.Rhd1 Rad8 17.Ne4 {#r} 1-0

[Event "Ch World (juniors) (under 14)"]
[Site "masterchessopen.com Vung Tau (Vietnam)"]
[Date "2008.10.26"]
[Round "7"]
[White "Emiroglu Cankut (TUR)"]
[Black "Tran Quang Khai (VIE)"]
[Result "1-0"]
[WhiteElo "2101"]
[BlackElo "2017"]

1.e4 c5 2.Nf3 Nc6 3.d4 cxd4 4.Nxd4 Nf6 5.Nc3 d6 6.Bg5 e6 7.Qd2 a6 8.O-O-O Bd7
9.f3 b5 10.g4 Rc8 11.Kb1 Ne5 12.Bd3 Nc4 13.Bxc4 Rxc4 14.Nce2 Be7 15.Be3 e5
16.Nf5 Bxf5 17.gxf5 O-O 18.Rhg1 b4 19.Bh6 Ne8 20.Bxg7 Nxg7 21.Qh6 Bf6 22.Rxg7+
{#r} 1-0

[Event "Ch World (juniors) (under 10)"]
[Site "masterchessopen.com Vung Tau (Vietnam)"]
[Date "2008.10.28"]
[Round "9"]
[White "Wang Yi Ye (CHN)"]
[Black "Mahapatra Sidhant (IND)"]
[Result "1-0"]
[WhiteElo "2085"]
[BlackElo "2001"]

1.e4 c5 2.Nf3 Nc6 3.d4 cxd4 4.Nxd4 Nf6 5.Nc3 d6 6.Bg5 e6 7.Qd2 a6 8.O-O-O Bd7
9.f4 b5 10.Qe1 Qb6 11.Nxc6 Bxc6 12.Nd5 exd5 13.exd5+ Be7 14.dxc6 Qxc6 15.Bxf6
gxf6 16.Bd3 Rc8 17.Qe2 Rc7 18.Rhe1 Kd8 19.Qg4 Qd5 20.Kb1 Qc6 21.Qg7 Re8 22.Bf5
a5 23.Qxf7 a4 24.Re6 Rf8 25.Rexd6+ Qxd6 26.Rxd6+ Bxd6 27.Qd5 Rd7 28.Bxd7 Kxd7
29.Qxb5+ {#r} 1-0